Sánta Ferenc novellái
Elmentve itt :
| Szerző: | |
|---|---|
| További közreműködők: | |
| Dokumentumtípus: | Szakdolgozat |
| Megjelent: |
1983
|
| Tárgyszavak: | |
| Online Access: | http://diploma.bibl.u-szeged.hu/96964 |
| LEADER | 00582nta a2200181 i 4500 | ||
|---|---|---|---|
| 001 | dipl96964 | ||
| 005 | 20210111132542.0 | ||
| 008 | 210105s1983 hu om 0|| hun d | ||
| 040 | |a SZTE Diploma Repozitórium |b hun | ||
| 041 | |a hun | ||
| 100 | 1 | |a Fábián Edit | |
| 245 | 1 | 0 | |a Sánta Ferenc novellái |h [elektronikus dokumentum] / |c Edit Fábián |
| 260 | |c 1983 | ||
| 650 | 4 | |a Pedagógusképzés | |
| 650 | 4 | |a Humanities | |
| 650 | 4 | |a Languages and Literature | |
| 700 | 1 | |a Kovács András |e ths | |
| 856 | 4 | 0 | |u http://diploma.bibl.u-szeged.hu/id/eprint/96964/1/1983_fabian_edit.pdf |z Dokumentum-elérés |